Statistiques concernant Stades de Premier League (2021-2022)

Cliquez ici pour prendre le quiz!

Statistiques générales

  • Ce quiz a été pris 430 fois
  • Le résultat moyen est 8 sur 20

Statistiques - réponses

ÉquipeStadeVilleCapacité% Correct
Manchester UnitedOld TraffordManchester75 635
95%
Liverpool FCAnfieldLiverpool54 074
90%
Arsenal FCEmirates StadiumLondres60 704
82%
Chelsea FCStamford BridgeLondres41 798
77%
Manchester CityEtihad StadiumManchester55 097
72%
Tottenham HotspursTottenham Hotspur StadiumLondres62 062
63%
Newcastle UnitedSt James' ParkNewcastle52 405
51%
Aston VillaVilla ParkBirmingham42 788
45%
Everton FCGoodison ParkLiverpool39 571
43%
Leicester CityKing Power StadiumLeicester36 262
34%
West Ham UnitedStade OlympiqueLondres60 000
29%
Wolverhampton WanderersMolineux StadiumWolverhampton31 700
28%
Southampton FCSt Mary's StadiumSouthampton32 505
20%
Crystal PalaceSelhurst ParkLondres26 255
17%
Burnley FCTurf MoorBurnley21 401
16%
Brighton & Hove AlbionAMEX StadiumBrighton30 750
15%
Leeds UnitedElland RoadLeeds39 460
15%
Watford FCVicarage Road StadiumWatford20 877
13%
Norwich CityCarrow RoadNorwich27 244
8%
Brentford FCBrentord Community StadiumLondres17 250
0%

Distribution des résultats

Percentile par nombre de réponses

% des personnes avec chaque résultat

Votre développement - résultats

Vous n’avez pas pris ce quiz